|
|
|
|
| LEADER |
00000cas a2200000 a 4500 |
| 001 |
vtls001114734 |
| 003 |
SK-MaSNL |
| 005 |
20260228160639.0 |
| 008 |
180814d19731989xo ar 0 0b0slo |
| 015 |
|
|
|a SNBA1979
|
| 022 |
|
|
|a 0862-4178
|
| 035 |
|
|
|a SNK000057577
|
| 040 |
|
|
|a SNK
|b slo
|c SNK
|e AACR2
|
| 041 |
0 |
|
|a slo
|b hun
|b ger
|
| 043 |
|
|
|a e-xo---
|
| 044 |
|
|
|a xo
|c SK
|
| 072 |
|
7 |
|a 39
|x Etnológia. Etnografia. Folklór
|2 konspekt
|
| 080 |
|
|
|a 39
|2 2011
|
| 080 |
|
|
|a (437.6)
|2 2011
|
| 080 |
|
|
|a (082)
|2 2011
|
| 080 |
|
|
|a 050
|2 2011
|
| 210 |
0 |
|
|a Gemer
|b (Martin)
|
| 222 |
|
0 |
|a Gemer
|b (Martin)
|
| 245 |
0 |
0 |
|a Gemer
|b národopisné štúdie
|
| 260 |
|
|
|a Martin
|b Osveta
|c 1973-1989
|
| 300 |
|
|
|a zv.
|c 24 cm
|
| 310 |
|
|
|a Nepravidelne
|
| 362 |
0 |
|
|a 1 (1973)-1989
|z SKP
|
| 490 |
0 |
|
|a Gemerské vlastivedné pohľady
|
| 500 |
|
|
|a Zostavili: Adam Pranda ; Robert Brož
|
| 504 |
|
|
|a Bibliogr. ; Faksim. rkp.
|
| 546 |
|
|
|a Súbež. obs. maď. a nem. Res. maď. a nem.
|
| 610 |
2 |
7 |
|a Gemerská vlastivedná spoločnosť (Rimavská Sobota, Slovensko)
|2 SNKKA
|
| 650 |
0 |
7 |
|a etnológia
|2 SNKPH
|9 715
|
| 650 |
0 |
7 |
|a etnografia
|2 SNKPH
|9 950
|
| 651 |
|
7 |
|a Gemer (Slovensko : región)
|2 SNKPHgeo
|9 173411
|
| 655 |
|
7 |
|a zborníky
|2 SNKPH
|9 70165
|
| 700 |
1 |
|
|a Pranda, Adam,
|d 1924-1984
|4 com
|9 107030
|
| 700 |
1 |
|
|a Brož, Robert,
|d 1939-2011
|4 com
|9 157183
|
| 830 |
|
|
|a Gemerské vlastivedné pohľady
|9 267062
|
| 958 |
|
|
|a OND
|
| 958 |
|
|
|a NB
|
| 958 |
|
|
|a SS
|
| 958 |
|
|
|a TL
|
| 958 |
|
|
|a ZB
|
| 999 |
|
|
|c 3191
|d 5121
|
| 952 |
|
|
|0 0
|1 0
|4 0
|7 0
|a SNK
|b SNK
|d 1997-05-05
|l 0
|o snkČSC 1988/1/1973 D1
|p 17A0065836
|r 2005-01-02 00:00:00
|w 2026-02-21
|y PREZ
|
| 952 |
|
|
|0 0
|1 0
|4 0
|7 0
|a SNK
|b SNK
|d 1997-10-31
|l 0
|o snkČSC 1988/1/1973
|p 17A0106389
|r 2005-01-02 00:00:00
|w 2026-02-21
|y PREZ
|
| 952 |
|
|
|0 0
|1 0
|4 0
|7 0
|a SNK
|b SNK
|d 1997-05-05
|l 0
|o snkČSC 1988/2/1976
|p 17A0065835
|r 2005-01-02 00:00:00
|w 2026-02-21
|y PREZ
|
| 952 |
|
|
|0 0
|1 0
|4 0
|7 0
|a SNK
|b SNK
|d 1999-09-17
|l 0
|o snkČSC 1988/4/1981/D1
|p 17A0210145
|r 2004-12-31 00:00:00
|w 2026-02-21
|y PREZ
|
| 952 |
|
|
|0 0
|1 0
|4 0
|7 0
|a SNK
|b SNK
|d 1997-05-05
|l 0
|o snkČSC 1988/3/1978
|p 17A0065829
|r 2004-12-31 00:00:00
|w 2026-02-21
|y PREZ
|
| 952 |
|
|
|0 0
|1 0
|4 0
|7 0
|a SNK
|b SNK
|d 2018-11-08
|i snkKSP 6574/78
|l 0
|o snkČSC 1988/3/1978 D1
|p 17A1190895
|r 2026-02-21 21:58:31
|w 2026-02-21
|y PREZ
|